LEADER 03705oam 2200601I 450 001 9910797360303321 005 20230808211635.0 010 $a0-429-15447-X 010 $a1-77188-235-2 024 7 $a10.1201/b18711 035 $a(CKB)3710000000446085 035 $a(EBL)2122541 035 $a(OCoLC)916953945 035 $a(SSID)ssj0001515158 035 $a(PQKBManifestationID)12614375 035 $a(PQKBTitleCode)TC0001515158 035 $a(PQKBWorkID)11481610 035 $a(PQKB)11593283 035 $a(MiAaPQ)EBC2122541 035 $a(OCoLC)913955922 035 $a(EXLCZ)993710000000446085 100 $a20180331h20162016 uy 0 101 0 $aeng 135 $aur|n|---||||| 181 $ctxt$2rdacontent 182 $cc$2rdamedia 183 $acr$2rdacarrier 200 00$aClimate change mitigation $egreenhouse gas reduction and biochemicals /$fedited by Jimmy Alexander Faria Albanese, PhD, and M. Pilar Ruiz, PhD 210 1$aToronto ;$aNew Jersey :$cApple Academic Press,$d[2016] 210 4$dİ2016 215 $a1 online resource (390 pages) 300 $aDescription based upon print version of record. 311 $a1-77188-242-5 320 $aIncludes bibliographical references and index. 327 $aPART I: FOUNDATIONS -- Chapter 1: Climate-Change Impact Potentials as an Alternative to Global Warming Potentials -- Chapter 2: The Macroecology of Sustainability -- PART II: BIOMASS IN ENERGY AND CHEMICAL INDUSTRIES -- Chapter 3: Biological Feedstocks for Biofuels -- Chapter 4: From Tiny Microalgae to Huge Biorefineries -- 327 $aChapter 5: Catalysis for Biomass and CO2 Use Through Solar Energy: Opening New Scenarios for a Sustainable and LowCarbon Chemical -- Chapter 6: Quantifying the Climate Impacts of Albedo Changes Due to Biofuel Production: A Comparison with Biogeochemical Effects-- Chapter 7: Biofuel for Energy Security: An Examination on Pyrolysis Systems with Emissions from Fertilizer and Land-Use Change -- Chapter 8: Energy Potential and Greenhouse Gas Emissions from Bioenergy Cropping Systems on Marginally Productive Cropland -- 327 $aChapter 9: Streamflow Impacts of Biofuel PolicyDriven Landscape Change -- PART III: BIOMASS CHALLENGES -- Chapter 10: Trading Biomass or GHG Emission Credits? -- Chapter 11: Indirect Land Use Changes of Biofuel Production: A Review of Modeling Efforts and Policy Developments in the European Union -- PART IV: CONCLUSIONS -- Chapter 12: Safe Climate Policy is Affordable: 12 Reasons 330 $aClimate change is a significant threat to humanity's future. Culturally, politically, economically, and personally, however, we are all deeply embedded in a system that continues to send us on a collision course that leads directly toward this threat. At this point, climate change is inevitable. What we must do now is to find ways to prepare-and do all we can to slow our race to disaster. This means that a transition to a lower-carbon economy is unavoidable.Biochemical research is vitally necessary for the transition we must make, and it will be an essential component of any climate policy. 606 $aGreehnouse gas mitigation 606 $aClimate change mitigation 606 $aOrganic compounds$xEnvironmental aspects 615 0$aGreehnouse gas mitigation. 615 0$aClimate change mitigation. 615 0$aOrganic compounds$xEnvironmental aspects. 676 $a363.738747 702 $aFaria Albanese$b Jimmy Alexander 702 $aRuiz$b M. Pilar$g(Maria Pilar), 801 0$bFlBoTFG 801 1$bFlBoTFG 906 $aBOOK 912 $a9910797360303321 996 $aClimate change mitigation$93725497 997 $aUNINA